Library Banner

Occupational safety and health (Record no. 84872)

MARC details
000 -LEADER
fixed length control field 00511nam a2200193Ia 4500
001 - CONTROL NUMBER
control field 71868
008 - FIXED-LENGTH DATA ELEMENTS--GENERAL INFORMATION
fixed length control field 160401s9999 xx 000 0 und d
020 ## - INTERNATIONAL STANDARD BOOK NUMBER
International Standard Book Number 9781292061993
040 ## - CATALOGING SOURCE
Transcribing agency PK-LaUMT
082 ## - DEWEY DECIMAL CLASSIFICATION NUMBER
Classification number 613.62
Item number GOE-O
100 ## - MAIN ENTRY--PERSONAL NAME
Personal name Goetsch, David L.
245 ## - TITLE STATEMENT
Title Occupational safety and health
Remainder of title for technologists, engineers, and managers
Statement of responsibility, etc Goetsch, David L.
250 ## - EDITION STATEMENT
Edition statement 8th
260 ## - PUBLICATION, DISTRIBUTION, ETC. (IMPRINT)
Place of publication, distribution, etc Boston,USA:
Name of publisher, distributor, etc Pearson,
Date of publication, distribution, etc 2015
300 ## - PHYSICAL DESCRIPTION
Extent 714 p.
546 ## - LANGUAGE NOTE
Language note EN
650 ## - SUBJECT ADDED ENTRY--TOPICAL TERM
Topical term or geographic name as entry element Health-Safety
942 ## - ADDED ENTRY ELEMENTS (KOHA)
Koha item type Books
Holdings
Withdrawn status Lost status Damaged status Not for loan Home library Current library Date acquired Total Checkouts Full call number Barcode Date last seen Date checked out Price effective from Koha item type
        UMT Main Campus UMT Main Campus 2016-04-01 1 613.62 GOE-O 98370 2024-09-11 2024-03-16 2016-04-01 Books